Einstein 1905 : cinco artículos que cambiaron la física /

Na minha lista:
Detalhes bibliográficos
Autor principal: Einstein, Albert (autor)
Outros Autores: Stachel, John (edición e introducción) (edición e introducción), Penrose, Roger (prólogo) (prólogo), Lipscombe, Trevo (colaboración) (colaboración), Calaprice, Alice (colaboración) (colaboración), Penrose, Sam (colaboración) (colaboración)
Formato: Livro
Idioma:espanhol
Publicado em: Barcelona, España : Crítica, 2001, c2001
Colecção:(Drakontos Clásicos)
Assuntos:
Tags: Adicionar Tag
Sem tags, seja o primeiro a adicionar uma tag!

MARC

LEADER 00000nam^a2200000^a^4500
001 000143377
005 20250521000000.0
009 20260526124241.842
020 |a 84-8432-215-7 
037 |a Acervo ITESO - Biblioteca 
041 |a ESP 
082 |a 530. 11  |b EIN 
100 |a Einstein, Albert  |e (autor) 
245 1 0 |a Einstein 1905 :  |b cinco artículos que cambiaron la física /  |c A. Einstein ; ed. e introd. de J. Stachel ; pról. de R. Pensrose ; colaboración de T. Lipscombe, A. Calaprice, S. Penrose ; tr. por Javier García Sanz. 
264 4 |a Barcelona, España :  |b Crítica,  |c 2001, c2001 
300 |a 180 p. 
336 |a texto  |b txt  |2 rdacontenido 
337 |a sin mediación  |b n  |2 rdamedio 
338 |a volumen  |b nc  |2 rdasoporte 
440 1 |a (Drakontos Clásicos) 
500 |a Traducción de: Einstein Miraculous Year. Five Papers that Changed the Face of Physics 
649 |a XX 
650 |a Físicos Alemanes 
650 |a Científicos Alemanes 
650 |a Relatividad (Física) 
650 |a Física Matemática 
650 |a Física 
600 |a Mecánica Cuántica 
700 |a Stachel, John  |e (edición e introducción) 
700 |a Penrose, Roger  |e (prólogo) 
700 |a Lipscombe, Trevo  |e (colaboración) 
700 |a Calaprice, Alice  |e (colaboración) 
700 |a Penrose, Sam  |e (colaboración) 
910 |a Fondo General 
920 |a Impresos - Libros 
930 |a Colección General 
905 |a 101 
901 |a 0500071897  |b IT1  |c ACC  |u 20250521 
902 |a https://opac.biblio.iteso.mx/vufind/Record/000143377